000
00179 a2200097 4500
020
_a
9780399154348
041
_a
eng
100
_a
Nora Roberts
245
_a
High Noon
942
_c
BK
999
_c
29532
_d
29530